Economía experimental y del comportamiento / (Registro nro. 4846)

Detalles MARC
000 -LEADER
fixed length control field 01251nam a2200289Ia 4500
003 - CONTROL NUMBER IDENTIFIER
control field OSt
005 - DATE AND TIME OF LATEST TRANSACTION
control field 20201130095212.0
008 - FIXED-LENGTH DATA ELEMENTS--GENERAL INFORMATION
fixed length control field 191128t2011 sp ad fr 001 0 spa d
020 ## - INTERNATIONAL STANDARD BOOK NUMBER
International Standard Book Number 9788495348753
040 ## - CATALOGING SOURCE
Original cataloging agency CO-JMCR
Transcribing agency CO-JMCR
041 0# - LANGUAGE CODE
Language code of text/sound track or separate title spa
082 04 - DEWEY DECIMAL CLASSIFICATION NUMBER
Classification number 330.01 /
Item number B794e
Edition number 23
100 1# - MAIN ENTRY--PERSONAL NAME
Personal name Braña Garza, Pablo,
Relator term coordinador
9 (RLIN) 5107
245 10 - TITLE STATEMENT
Title Economía experimental y del comportamiento /
Statement of responsibility, etc. coordinador Pablo Brañas Garza
260 ## - PUBLICATION, DISTRIBUTION, ETC.
Place of publication, distribution, etc. Barcelona :
Name of publisher, distributor, etc. Antoni Bosch editor,
Date of publication, distribution, etc. ©2011
300 ## - PHYSICAL DESCRIPTION
Extent ix, 401 páginas :
Other physical details gráficos a blanco y negro ;
Dimensions 24 cm.
500 ## - GENERAL NOTE
General note Incluye índice analítico.
504 ## - BIBLIOGRAPHY, ETC. NOTE
Bibliography, etc. note Bibliografía: páginas 355-395
505 0# - FORMATTED CONTENTS NOTE
Formatted contents note ¿Cómo deciden e interactúan los humanos? -- ¿Cómo funcionan los mercados? -- Otras aplicaciones del método experimental
520 ## - SUMMARY, ETC.
Summary, etc. Tratar de entender cómo se comportan las personas cuando toman sus decisiones económicas sin tener en cuenta cuestiones como la envidia, la empatía, o la falta de autocontrol puede conducir a desatinos.
650 14 - SUBJECT ADDED ENTRY--TOPICAL TERM
Topical term or geographic name entry element Economía
9 (RLIN) 5108
650 14 - SUBJECT ADDED ENTRY--TOPICAL TERM
Topical term or geographic name entry element Aspectos psicológicos
9 (RLIN) 1594
650 14 - SUBJECT ADDED ENTRY--TOPICAL TERM
Topical term or geographic name entry element Metodología en economía
9 (RLIN) 5109
650 14 - SUBJECT ADDED ENTRY--TOPICAL TERM
Topical term or geographic name entry element Teoría de los juegos
9 (RLIN) 4477
650 14 - SUBJECT ADDED ENTRY--TOPICAL TERM
Topical term or geographic name entry element Toma de decisiones
9 (RLIN) 283
942 ## - ADDED ENTRY ELEMENTS (KOHA)
Source of classification or shelving scheme Dewey Decimal Classification
Koha item type Books
Existencias
Withdrawn status Lost status Source of classification or shelving scheme Damaged status Not for loan Collection code Home library Current library Date acquired Source of acquisition Cost, normal purchase price Total Checkouts Total Renewals Full call number Barcode Date last seen Date last checked out Copy number Koha item type
    Dewey Decimal Classification     Non-fiction Biblioteca Pública José María del Castillo y Rada Biblioteca Pública José María del Castillo y Rada 04/15/2018 Donación 0.00 1 1 330.01 / B794e 430000751 12/03/2025 11/10/2025 Ej.1 Books